000 00576nam a2200181Ia 4500
999 _c6172
_d6172
003 OSt
005 20200128143725.0
008 190216s9999||||xx |||||||||||||| ||und||
020 _a9780070473591
040 _coclc
082 _a332.67
_bCHA/P
100 _a Chandra, Prasanna
_91069
245 0 _aProjects : planning, analysis, financing, implementation, and review /
_cPrasanna Chandra
250 _a5th ed.
260 _bTata McGraw Hill Publishing Company,
_c2002.
_aNew Delhi:
300 _a745p
942 _cBK
_2ddc
_h332.67
_iCHA/P
_k332.67
_mCHA/P